000 00676nam a2200229 i 4500
001 bg
100 1 _aŁAZAREK, Roman
245 1 0 _aEkonomika turystyki :
_bwybrane zagadnienia /
_cRoman Łazarek.
250 _aWyd. 3 zm.
260 _aWarszawa :
_bWyższa Szkoła Ekonomiczna,
_c2004.
300 _a232 [1] s. :
_brys., wykr. ;
_c24 cm.
504 _aBibliogr. s. 227-[233].
650 9 _aTurystyka
_xekonomika
020 _a8386990813
040 _cBPK
041 0 _apol
080 _a338.48
920 _a83-86990-81-3
942 _cKS
008 s pl f |000 0 pol
999 _c44678
_d44678
856 _uhttp://koha.tu.koszalin.pl/cgi-bin/koha/opac-detail.pl?biblionumber=44678
_yKatalog online BPK